000 00461nam a2200145 a 4500
001 000030290
005 20200930060214.0
008 110509s1984 dr 000 0 spa d
040 _aDO-SdBNP
_bspa
_cBNPHU
110 2 _aRepública Dominicana
_bGobierno de Concentración Nacional
_932064
245 1 0 _aPrimer plan nacional de turismo 1984.
260 _aSanto Domingo :
_bSecretaría de Estado de Turismo,
_c[1984].
300 _a32 p. ;
_c28 cm.
049 _aBNPD
999 _c29782
_d29782